1037 1558 1168 1908 1706 1674 1901 1777 1659 1517 1568 1587 1699 1120 1429 1082 1823 1486 1372 1479 1508 1480 1350 1797 1737 1137 1338 1059 1665 1790 1732 1560 1512 1546 1438 1962 1179 1354 1699 1537 1464 1741 1398 1839 1981 1157 1500 1267 1763 1897 1839 1146 1300 1546 1651 1435 1758 1916 1977 1218 1383 1669 1092 1896 1750 1055 1651 1606 1703 1950 1236 1468 1562 1148 1138 1495 1743 1405 1101 1690 1092 1439 1949 1694 1198 1005 1029 1427 1857 1129 1943 1516 1790 1520 1221 1741 1956 1056 1225 BCNSPRNW ULIB Ver.6.0+V

เปลี่ยนเป็นภาษาไทย

Change to English
 แสดงรายละเอียดบรรณานุกรม
  กลับหน้าหลัก

Brief Record : Get Marc (ISO 2709) : E-mail record : QR code < ปิดหน้าต่าง
LEADER : 00000nam 2200000uu 4500
001    13399127626
003     ULIB
008    210311s2561||||th 000 0 tha d
020    ^a9786164682337
060  4 ^aWG169^bอ978ส
100 0  ^aโอภาส ศรัทธาพุทธ, บรรณาธิการ
245 00 ^aสาระสำคัญทางศัลยศาสตร์หัวใจ = ^bEssentials of heart surgery /^cบรรณาธิการ, โอภาส ศรัทธาพุทธ
250    ^aพิมพ์ครั้งที่ 1
260    ^aปทุมธานี : ^bโรงพิมพ์มหาวิทยาลัยธรรมศาสตร์, ^c2561
300    ^a356 หน้า :^bภาพประกอบสี ;^c28 ซม
500    ^aผู้ใหญ่
504    ^aบรรณานุกรมท้ายบทและดรรชนีท้ายเล่ม
505 0  ^aประวัติศัลยกรรมหัวใจ -- ศัลยกายวิภาคของหัวใจ --การดูแลผู้ป่วยในระยะปริศัลยกรรม -- Cardiopulmonary bypassสำหรับการผ่าตัดหัวใจ -- วัสดุเทียมที่ใช้ในระบบหัวใจและหลอดเลือด --โรคหัวใจพิการแต่กำเนิด -- โรคลิ้นหัวใจที่เกิดขึ้นภายหลัง --การรักษาโรคหัวใจขาดเลือดด้วยวิธีศัลยกรรม --การรักษาภาวะหัวใจวายด้วยวิธีศัลยกรรม --หลอดเลือดเอออร์ตาในช่องอกโป่งพอง และการฉีกเซาะของผนังเอออร์ตา --การผ่าตัดในโรคของเยื่อหุ้มหัวใจ -- เนื้องอกของหัวใจ
650  2 ^aThoracic surgery
650  7 ^aหัวใจ^xศัลยกรรม
650  0 ^aมหาวิทยาลัยธรรมศาสตร์
700 0  ^aโอภาส ศรัทธาพุทธ,^eบรรณาธิการ
710 2  ^aมหาวิทยาลัยธรรมศาสตร์.^bคณะแพทยศาสตร์
945    ^p850^l0^i007920
945    ^p850^l0^i007921
945    ^p850^l0^i007922
999    ^aประนอม เกษจรัล
รายการนี้ยังไม่มีแท็ก
คุณยังไม่ได้ล็อกอิน คุณสามารถมีกิจกรรมร่วมกับเว็บไซต์ได้ แต่ต้องล็อกอินก่อน ::
  ล็อกอิน

รายการสื่อสารสนเทศ

ลำดับที่ ประเภท เลขเรียก/บาร์โค้ด สถานที่ สถานะ
1. วิทยาศาสตร์การแพทย์ และสุขภาพ
หนังสือสำรอง
สถานะ=หนังสือสำรอง
WG169 อ978ส ฉ.1 
  Barcode: 007920
ห้องสมุดวิทยาเขตสวรรค์ประชารักษ์
►หนังสือทั่วไป
บนชั้น
2. วิทยาศาสตร์การแพทย์ และสุขภาพ
วิทยาศาสตร์การแพทย์ และสุขภาพ
WG169 อ978ส ฉ.2 
  Barcode: 007921
ห้องสมุดวิทยาเขตสวรรค์ประชารักษ์
►หนังสือทั่วไป
ถูกยืม กำหนดส่งวันที่ 8 มีนาคม 2567
  จอง
3. วิทยาศาสตร์การแพทย์ และสุขภาพ
วิทยาศาสตร์การแพทย์ และสุขภาพ
WG169 อ978ส ฉ.3 
  Barcode: 007922
ห้องสมุดวิทยาเขตสวรรค์ประชารักษ์
►หนังสือทั่วไป
บนชั้น

รายการใกล้เคียง
    ผู้แต่ง [โอภาส ศรัทธาพุทธ, บรรณาธิการ]

    หัวเรื่อง [Thoracic surgery]
    หัวเรื่อง [มหาวิทยาลัยธรรมศาสตร์]

BibComment


ยังไม่เคยถูกคอมเมนท์

คอมเมนท์ทรัพยากรรายการนี้
  คอมเมนท์: สาระสำคัญทางศัลย..


 Copyright 2026. Bcnsprnw @Library